|
|
|
|
| LEADER |
00000nab a2200000 a 4500 |
| 001 |
vtls000388349 |
| 003 |
SK-MaSNL |
| 005 |
20260304081408.0 |
| 008 |
250424c1990 xo 0 slo |
| 015 |
|
|
|a SNBRB19rr/mm-uuuuu
|
| 035 |
|
|
|a CL0388473
|
| 035 |
|
|
|a urn:nbn:sk:snk-ab7kjq
|
| 035 |
|
|
|a (urnnbn)urn:nbn:sk:snk:ar-0066oh
|
| 035 |
|
|
|a (uuid)5419a5d4-68b8-495f-914b-db1f86c6db3f
|
| 040 |
|
|
|a SNKBUCL
|b slo
|c SNKBUCL
|e AACR2
|
| 041 |
0 |
|
|a slo
|
| 044 |
|
|
|a xo
|c SK
|
| 080 |
|
|
|a 798.062:061.3
|2 1981
|
| 080 |
|
|
|a 061.3
|2 1981
|
| 100 |
1 |
|
|a Neumann, Přemysl
|4 aut
|9 925478
|
| 245 |
1 |
0 |
|a Výroční zasedání FEI
|c Přemysl Neumann
|
| 300 |
|
|
|b Obr. 1.
|
| 650 |
0 |
7 |
|a Medzinárodná jazdecká federácia
|2 snkbucl
|9 1369900
|
| 655 |
|
7 |
|a články z novín a časopisov
|2 snkbucl
|9 267496
|
| 773 |
0 |
|
|t Jazdectvo
|g Roč. 38, č. 7 (1990), s. 132
|
| 850 |
|
|
|a Slovenská národná knižnica
|
| 852 |
|
|
|a Slovenská národná knižnica
|
| 954 |
|
|
|a odborná, vedecká literatúra pôvodná (slovenská)
|2 lita
|
| 958 |
|
|
|a article7
|
| 958 |
|
|
|a OND
|
| 958 |
|
|
|a RK
|
| 958 |
|
|
|a EUIPO
|
| 992 |
|
|
|a RBX
|
| 999 |
|
|
|c 2790657
|d 2792587
|